000 01156pam a2200349 a 4500
001 6346077
003 ARRUPE
005 20161104093911.0
008 070808s2007 nyu 000 0 eng
010 _a 2007032064
020 _a1400067324
020 _a9781400067329
024 _a40014789094
035 _a(OCoLC)167494419
035 _a(OCoLC)ocn167494419
035 _a(DLC) 2007032064
035 _a(NNC)6346077
040 _aDLC
_cDLC
_dIG#
_dBAKER
_dBTCTA
050 0 0 _aBL473
_b.M35 2007
082 0 0 _a211
_222
100 1 _aMailer, Norman.
_927303
245 1 0 _aOn God :
_ban uncommon conversation /
_cNorman Mailer with Michael Lennon.
250 _a1st ed.
260 _aNew York :
_bContinuum,
_cc2007.
300 _axvii, 215 p. ;
_c22 cm.
505 0 _aOn God as the artist -- God, the devil, and humankind -- Purgatory, heaven, and hell -- On the authority of the senses -- Saints -- Ritual and telepathy -- Intellignet design -- On theodicy -- On gnosticism -- Prayer.
650 0 _aGod.
_927304
700 1 _aLennon, Michael.
_927305
942 _2lcc
_cMONOGRAPH
948 1 _a20071211
_bc
_crad1
_dMPS
999 _c125677
_d125677